|
|
|
|
| LEADER |
02128nam a2200457 i 4500 |
| 001 |
EBC4855908 |
| 003 |
MiAaPQ |
| 005 |
20200923020339.0 |
| 006 |
m o d | |
| 007 |
cr cnu|||||||| |
| 008 |
170526t20172017gw o 001 0 ger d |
| 020 |
|
|
|z 9783110520248
|
| 020 |
|
|
|a 9783110520316
|q (electronic bk.)
|
| 020 |
|
|
|a 9783110523010
|q (electronic bk.)
|
| 035 |
|
|
|a (MiAaPQ)EBC4855908
|
| 035 |
|
|
|a (Au-PeEL)EBL4855908
|
| 035 |
|
|
|a (CaPaEBR)ebr11382567
|
| 035 |
|
|
|a (OCoLC)987077133
|
| 040 |
|
|
|a MiAaPQ
|b eng
|e rda
|e pn
|c MiAaPQ
|d MiAaPQ
|
| 043 |
|
|
|a e-gx---
|
| 050 |
|
4 |
|a HC285
|b .W578 2017
|
| 082 |
0 |
|
|a 338.0943
|2 23
|
| 245 |
0 |
0 |
|a Wirtschaftsraume und lebenschancen :
|b wahrnehmung und steuerung von sozialokonomischem Wandel in Deutschland 1945-2000 /
|c herausgegeben von Stefan Gruner und Sabine Mecking.
|
| 264 |
|
1 |
|a Berlin, [Germany] :
|b De Gruyter Oldenbourg,
|c 2017.
|
| 264 |
|
4 |
|c 2017
|
| 300 |
|
|
|a 1 online resource (340 pages).
|
| 336 |
|
|
|a text
|2 rdacontent
|
| 337 |
|
|
|a computer
|2 rdamedia
|
| 338 |
|
|
|a online resource
|2 rdacarrier
|
| 490 |
1 |
|
|a Schriftenreihe der Vierteljahrshefte fur Zeitgeschichte ;
|v Band 114
|
| 500 |
|
|
|a Includes index.
|
| 588 |
|
|
|a Description based on online resource; title from PDF title page (ebrary, viewed May 25 , 2017).
|
| 590 |
|
|
|a Electronic reproduction. Ann Arbor, MI : ProQuest, 2016. Available via World Wide Web. Access may be limited to ProQuest affiliated libraries.
|
| 651 |
|
0 |
|a Germany
|x Economic conditions.
|
| 655 |
|
4 |
|a Electronic books.
|
| 700 |
1 |
|
|a Gruner, Stefan,
|e editor.
|
| 700 |
1 |
|
|a Mecking, Sabine,
|e editor.
|
| 776 |
0 |
8 |
|i Print version:
|t Wirtschaftsraume und lebenschancen : wahrnehmung und steuerung von sozialokonomischem Wandel in Deutschland 1945-2000.
|d Berlin, [Germany] : De Gruyter Oldenbourg, c2017
|h vi, 331 pages
|k Schriftenreihe der Vierteljahrshefte fur Zeitgeschichte ; Band 114.
|z 9783110520248
|
| 797 |
2 |
|
|a ProQuest (Firm)
|
| 830 |
|
0 |
|a Schriftenreihe der Vierteljahrshefte fur Zeitgeschichte ;
|v Band 114.
|
| 856 |
4 |
0 |
|u https://ebookcentral.proquest.com/lib/matrademy/detail.action?docID=4855908
|z Click to View
|